书目信息 |
| 题名: |
磨料磨具产品样本
|
|
| 作者: | ;第一机械工业部 编 | |
| 分册: | ||
| 出版信息: | 北京 机械工业出版社 1974 |
|
| 页数: | 152页 | |
| 开本: | 19cm | |
| 丛书名: | ||
| 单 册: | ||
| 中图分类: | TG73-63 | |
| 科图分类: | ||
| 主题词: | 磨料 | |
| 电子资源: | ||
| ISBN: | ||
| 000 | 00595nam0 2200205 450 | |
| 001 | 0734185288 | |
| 005 | 20070802104652.28 | |
| 010 | @dCNY1.05 | |
| 091 | @a15033.(内)542 | |
| 100 | @a20070802d1974 km y0chiy0120 ea | |
| 101 | 0 | @achi |
| 102 | @aCN@b110000 | |
| 200 | 1 | @a磨料磨具产品样本@Amo liao mo ju chan pin yang ben@f第一机械工业部编@Fdi yi ji xie gong ye bu bian |
| 210 | @a北京@c机械工业出版社@d1974 | |
| 215 | @a152页@d19cm | |
| 606 | 0 | @a磨料 |
| 690 | @aTG73-63@v3 | |
| 711 | 02 | @a第一机械工业部@Adi yi ji xie gong ye bu@4编 |
| 801 | 0 | @aCN@bPFT@c20070802 |
| 905 | @a10447@dTG73-63@e10 | |
| 磨料磨具产品样本/第一机械工业部编.-北京:机械工业出版社,1974 |
| 152页;19cm |
| ISBN :CNY1.05 |
| ● |
| 相关链接 |
|
|
|
|
正题名:磨料磨具产品样本
索取号:TG73-63/10
 
预约/预借
| 序号 | 登录号 | 条形码 | 馆藏地/架位号 | 状态 | 备注 |
| 1 | 0790747 | 207907470 | 第二样本阅览室/ [索取号:TG73-63/10] | 在馆 |